| 000 | 00850cam a2200229 4500 | ||
|---|---|---|---|
| 001 | 5309 | ||
| 005 | 20181127175213.0 | ||
| 008 | 081022s2008 ii a 000 0 eng | ||
| 010 | _a 2008324237 | ||
| 020 | _a9780143067559 | ||
| 042 | _alcode | ||
| 043 | _aaz----- | ||
| 245 | 0 | 0 |
_aForeign correspondent : _bfifty years of reporting South Asia / _cedited by John Elliott, Bernard Imhasly, Simon Denyer ; photo editor, David Orr ; editorial and research assistant Madhu Chandra. |
| 246 | 3 | 0 | _aFifty years of reporting South Asia |
| 260 |
_aNew Delhi : _bViking, _c2008. |
||
| 300 |
_axvi, 432 p. : _bill. (some col.) ; _c24 cm. |
||
| 651 | 0 |
_aSouth Asia _xPolitics and government _y20th century. |
|
| 651 | 0 |
_aSouth Asia _xSocial conditions _y20th century. |
|
| 700 | 1 | _aDenyer, Simon. | |
| 700 | 1 |
_aElliott, John, _d1939- |
|
| 700 | 1 | _aImhasly, Bernard. | |
| 999 |
_c4454 _d4454 |
||